Soil, the most valuable mineral resource, (Record no. 27959)

MARC details
000 -LEADER
fixed length control field 00934cam a22002771 4500
001 - CONTROL NUMBER
control field gs 44000046
003 - CONTROL NUMBER IDENTIFIER
control field DLC
005 - DATE AND TIME OF LATEST TRANSACTION
control field 20260227111350.0
008 - FIXED-LENGTH DATA ELEMENTS--GENERAL INFORMATION
fixed length control field 780808s1944 oruaf b s000 0 eng c
010 ## - LIBRARY OF CONGRESS CONTROL NUMBER
LC control number gs 44000046
035 ## - SYSTEM CONTROL NUMBER
System control number (OCoLC)4120272
040 ## - CATALOGING SOURCE
Original cataloging agency U. S. Geol. Survey. Libr.
Transcribing agency NcRS
Modifying agency NcRS
-- OCoLC
-- DLC
045 ## - TIME PERIOD OF CONTENT
Time period code x4x4
050 00 - LIBRARY OF CONGRESS CALL NUMBER
Classification number QE155
Item number .A3 no. 26
051 ## - LIBRARY OF CONGRESS COPY, ISSUE, OFFPRINT STATEMENT
Classification number QE571
Item number .T85
082 ## - DEWEY DECIMAL CLASSIFICATION NUMBER
Classification number 631.45
100 1# - MAIN ENTRY--PERSONAL NAME
Personal name Twenhofel, William H.
Fuller form of name (William Henry),
Dates associated with a name 1875-1957.
245 10 - TITLE STATEMENT
Title Soil, the most valuable mineral resource,
Remainder of title its origin, destruction and preservation,
Statement of responsibility, etc. by W. H. Twenhofel.
260 ## - PUBLICATION, DISTRIBUTION, ETC.
Place of publication, distribution, etc. [Portland,
Date of publication, distribution, etc. 1944]
300 ## - PHYSICAL DESCRIPTION
Extent 45, [2] p.
Other physical details illus., plates.
Dimensions 28 cm.
490 0# - SERIES STATEMENT
Series statement Oregon. State Dept. of Geology and Mineral Industries. Bulletin
Volume/sequential designation no. 26
500 ## - GENERAL NOTE
General note Reproduced from type-written copy.
504 ## - BIBLIOGRAPHY, ETC. NOTE
Bibliography, etc. note "References cited": p. [46]-[47]
650 #0 - SUBJECT ADDED ENTRY--TOPICAL TERM
Topical term or geographic name entry element Erosion.
650 #0 - SUBJECT ADDED ENTRY--TOPICAL TERM
Topical term or geographic name entry element Soil conservation.

No items available.

Powered by Koha